Spätný nákup akcií ako prostriedok realizácie dividendy v podmienkach SR

Analýza obmedzení a pravidiel pre spätný nákup akcií podľa slovenského právneho poriadku. Analýza účinnosti priamej právnej úpravy zákonom č. 513/1991 Zb. Obchodný zákonník, ako aj súvisiacej úpravy zákona č. 595/2003 Z.z. o dani z príjmov.

Salvato in:
Dettagli Bibliografici
Autore principale: Hodál, Matej
Natura: Capitolo di libro
Lingua:slovacco
Soggetti:
Tags: Aggiungi Tag
Nessun Tag, puoi essere il primo ad aggiungerne!!

MARC

LEADER 00000naa a2200000 4500
001 0128705
005 20240502072457.0
041 0 |a slo 
044 |a SK 
245 1 0 |a Spätný nákup akcií ako prostriedok realizácie dividendy v podmienkach SR  |c Matej Hodál 
520 |a Analýza obmedzení a pravidiel pre spätný nákup akcií podľa slovenského právneho poriadku. Analýza účinnosti priamej právnej úpravy zákonom č. 513/1991 Zb. Obchodný zákonník, ako aj súvisiacej úpravy zákona č. 595/2003 Z.z. o dani z príjmov. 
610 2 0 |a zákonník obchodný 
610 2 0 |a úpravy právne 
610 2 0 |a Slovensko 
610 2 0 |a akcie 
610 2 0 |a dividendy 
610 2 0 |a nákup 
100 1 |a Hodál, Matej